Statistiques concernant Noël par lettre - F

Cliquez ici pour prendre le quiz!

Statistiques générales

  • Ce quiz a été pris 244 fois
  • Le résultat moyen est 7 sur 10

Statistiques - réponses

IndiceRéponse% Correct
Pays souvent considéré comme lieu de
résidence du Père Noël
Finlande
96%
Il offre du charbon aux enfants pas sagesPère {Fouettard}
91%
De neige, il tombe doucement du ciel;
d'avoine, il peut nourrir les rennes
Flocon
82%
Souvent consommé en entrée des repas
de fête, parfois avec du pain d'épices
Foie gras
81%
Il caractérise l'hiver et donc la période de NoëlFroid
76%
Expression désignant la période regroupant la
Saint-Nicolas, Noël ou encore le Nouvel An
Fêtes de fin d'année
74%
Fruit méditerranéen qui, quand il est séché,
fait partie des 13 desserts provençaux de Noël
Figue
64%
Le 25 décembre l'est dans plus
de 150 pays dans le monde
Férié
61%
Autre renne de Santa, plus puissant et vifFurie
13%
Renne de Santa au nom beau et classeFringant
12%

Distribution des résultats

Percentile par nombre de réponses

% des personnes avec chaque résultat

Votre développement - résultats

Vous n’avez pas pris ce quiz